Zurbarán (Record no. 12919)

MARC details
000 - LÍDER
campo de control de longitud fija 01587nam a2200277Ia 4500
008 - ELEMENTOS DE DATOS DE LONGITUD FIJA - INFORMACIÓN GENERAL
campo de control de longitud fija 0000001998 sp ad 0000000000spa00
020 ## - INTERNATIONAL STANDARD BOOK NUMBER
International Standard Book Number 8481561924
090 ## - NÚMERO DE LLAMADA DE TIPO LC LOCALMENTE ASIGNADO (OCLC)
Número de clasificación (OCLC) (R) PSP00 M67z
100 1# - ENTRADA PRINCIPAL - NOMBRE PERSONAL
Nombre de la persona Moreno, Arsenio
245 10 - TÍTULO DECLARACIÓN
Título Zurbarán
Declaración de responsabilidad / Arsenio Moreno
260 ## - PUBLICACIÓN, DISTRIBUCIÓN
Lugar de publicación Madrid : Electa
Fecha de publicación 1998
300 ## - DESCRIPCIÓN FÍSICA
Alcance 133 p.
Dimensiones / 28 cm.
500 ## - NOTA GENERAL
Nota general Proyecto Ganador Programa Apoyos Concertados FGAA 2010
501 ## - Con nota
Con nota La obra de Zurbarán
505 ## - NOTA DE CONTENIDO FORMATEADA
Nota sobre el contenido formateado OBRAS : San Ambrosio Cristo crucificado San Serupio EXposición pública del cuerpo de San Buenaventura Inmaculada Concepción Santa Isabel de Portugal San Gabriel Apoteosis de Santo Tomás de Aquino Inmaculada Bodegón Santa Margarita de Antioquia Defensa de Cádiz frente a los ingleses Cristo y la Virgen en la casa de Nazareth Agnus Dei Adoración de los Pastores Adoración de los Reyes Magos Beato Houghnon El Bienaventurado Cardenal Nicolás Albergati La Casa de Emaús Fray Gonzalo de Illescas Aparición de Cristo a Fray Andrés Salmerón San Lorenzo Martirio de Santiago La Virgen de los Cartujos San Francisco de Asis en oración Santa Faz San Francisco en meditación La Virgen y el Niño con San Juan Bautista
600 00 - ENTRADA DE SUJETO AÑADIDO - NOMBRE PERSONAL
Nombre de la persona ZURBARAN, FRANCISCO DE, 15981664/
Subdivisión general TRABAJOS PICTORICOS
650 14 - ENTRADA DE SUJETO AÑADIDO - TÉRMINO TÓPICO
Término tópico o elemento de entrada del nombre geográfico ARTE ESPAÑOL
650 14 - ENTRADA DE SUJETO AÑADIDO - TÉRMINO TÓPICO
Término tópico o elemento de entrada del nombre geográfico ARTISTAS PLASTICOS ESPAÑOLES
650 14 - ENTRADA DE SUJETO AÑADIDO - TÉRMINO TÓPICO
Subdivisión general CATALOGOS
650 14 - ENTRADA DE SUJETO AÑADIDO - TÉRMINO TÓPICO
Término tópico o elemento de entrada del nombre geográfico HISTORIA 00
650 14 - ENTRADA DE SUJETO AÑADIDO - TÉRMINO TÓPICO
Término tópico o elemento de entrada del nombre geográfico PINTORES ESPAÑOLES
650 14 - ENTRADA DE SUJETO AÑADIDO - TÉRMINO TÓPICO
Término tópico o elemento de entrada del nombre geográfico PINTURA AL OLEO
650 14 - ENTRADA DE SUJETO AÑADIDO - TÉRMINO TÓPICO
Término tópico o elemento de entrada del nombre geográfico PINTURA ESPAÑOLA
650 14 - ENTRADA DE SUJETO AÑADIDO - TÉRMINO TÓPICO
Término tópico o elemento de entrada del nombre geográfico PINTURA ESPAÑOLA
650 14 - ENTRADA DE SUJETO AÑADIDO - TÉRMINO TÓPICO
Término tópico o elemento de entrada del nombre geográfico PINTURA RELIGIOSA ESPAÑOLA
Holdings
Estado de retirada Pérdida de estatus Estado dañado No para préstamo Código de recogida Ubicación permanente Ubicación actual Ubicación de las estanterías Fecha de adquisición Número de llamada completo Código de barras Fecha de la última vez que se vio Número de copia Precio efectivo desde Tipo de artículo Koha
        General ArtNexus ArtNexus General 06/09/2022 P-SP-00 M67Z 13058 06/09/2022 Ej.1 06/09/2022 Libro

Powered by Koha